| 000 | 00683nam a22002057a 4500 | ||
|---|---|---|---|
| 003 | OSt | ||
| 005 | 20251014051112.0 | ||
| 008 | 251014b |||||||| |||| 00| 0 eng d | ||
| 020 | _a 978-0-415-20720-1 | ||
| 040 |
_aDWCL-Admin lib _cOC |
||
| 082 | _aCirc. 371.9 G235s 2009 | ||
| 100 | _aGarner, Philip | ||
| 245 |
_a Special educational needs : the key concepts / _cPhilip Garner |
||
| 260 |
_aLondon : _bRoutledge, _cc2009. |
||
| 300 |
_axv, 183 p. ; _b _c22 cm. |
||
| 504 | _aIncludes bibliographical references and index. | ||
| 650 | _a1. Learning disabled children-Education-Great Britain. | ||
| 650 | _a2. Special education-Great Britain. | ||
| 942 |
_2ddc _cBK-CIRC _kCirc. _n0 |
||
| 999 |
_c4889 _d4889 |
||